00000000nam 2200000zi 4500
0019.945784
003CaOODSP
00520250113145659
006m     o  d f      
007cr cn ||||||||
008241129e202412  onc     ob   f000 0 eng d
020 |a9780660747330
040 |aCaOODSP|beng|erda|cCaOODSP
043 |an-cn---
0861 |aH164-266/2024E-PDF
24500|aQuality (chemistry and manufacturing) guidance : |bnew drug submissions and abbreviated new drug submissions.
264 1|aOttawa, ON : |bHealth Canada = Santé Canada, |cDecember 2024.
264 4|c©2024
300 |a1 online resource (v, 67 pages)
336 |atext|btxt|2rdacontent
337 |acomputer|bc|2rdamedia
338 |aonline resource|bcr|2rdacarrier
500 |aIssued also in French under title: Ligne directrice sur la qualité (chimie et fabrication) : présentations de drogue nouvelle et présentations abrégées de drogue nouvelle.
500 |a"Date adopted 2017-10-30. Revised date 2024-12-18. Effective date 2024-12-18."
500 |a"Pub.: 240665."
504 |aIncludes bibliographical references.
650 0|aDrug approval|zCanada.
650 0|aPharmaceutical policy|zCanada.
7101 |aCanada. |bHealth Canada, |eissuing body.
77508|tLigne directrice sur la qualité (chimie et fabrication) : |w(CaOODSP)9.945785
795 |tGuidance document : |w(CaOODSP)9.867966
85640|qPDF|s781 KB|uhttps://publications.gc.ca/collections/collection_2025/sc-hc/H164-266-2024-eng.pdf
8564 |qHTML|sN/A|uhttps://www.canada.ca/en/health-canada/services/drugs-health-products/drug-products/applications-submissions/guidance-documents/chemical-entity-products-quality/guidance-document-quality-chemistry-manufacturing-guidance-new-drug-submissions-ndss-abbreviated-new-drug-submissions.html